00448nam a2200169 a 45000010010000000030011000100080041000210200006000620350026000681000026000942450032001202600048001523000015002005000017002156500016002328560030002480001-1193ELIB.Books150513 2010 eng  aR a(ELIB.Books)0001-1348 aPeale, Norman Vincent aAdventures in the Holy Land aEnglewood CliffsbPrentice Hall, Inc.c1963 a176c25 Cm aC/o Moe Lwei aHoly Places nKBTS: LibraryuKBTS: Elib